LEADER 00873nam a2200253 u 4500 001 000000088679 003 CaOOAMICUS 005 20070226124534.0 008 051104q1873 it u000 u ita u 035 $a11066842 040 $aPUL(R)$bita 100 1 $aMarx, Karl,$d1818-1883.$0(OLS)http://pul/name/35606 245 13$aIl Capitale /$cCarlo Marx. 250 $a2. ed. 260 $aTorino :$bA. Guida,$c[1873?] 300 $a528 p. ;$c21 cm 500 $aData desunta dalla pref. 504 $aInclude riferimenti bibliografici. 850 $aPUL 852 $aPUL$W1$xDP1 Fondo Pastorale$y55$mP5 E 67$j112268$nBK-PRI$b $qFondi$B112268$CPULBib$Z2$F112268 $HPUL2757 $81 900 $aMarx, Carlo$935606 941 1 $a1 996 $6245$aIl Capitale$9(OLS)http://pul/title/90792 996 $6260$aTorino :$bA. Guida$9(OLS)http://pul/publisher/77983 LEADER 01594nam a2200301 u 4500 001 000000069152 003 CaOOAMICUS 005 20070226121857.0 008 020408s1990 dcu u000 u eng u 035 $a10925806 040 $aPUL(R)$bita 100 1 $aBowers, Ronald Joseph.$0(OLS)http://pul/name/45971 245 10$aEpiscopal power of gouvernance in the diocesan churc :$bfrom the 1917 code of canon law to the present /$cRonald Joseph Bowers. 260 $aWashington, D.C. :$b[s.n.],$c1990. 300 $axi, 352 p. ;$c22 cm 490 1 $aCanon law studies (Catholic University of America) ;$v535 502 $aDiss. (doct.) -- The Catholic University of America. Canon law studies, v. 535. 1990. 504 $aContiene fonti bibliografiche p. 315-352. 533 $aXerografia.$bAnn Arbor :$cUniversity Microfilms International,$d1991$e22 cm. 650 4$aAutoritą ecclesiastica (diritto canonico).$0(OLS)http://pul/subject/12858 650 4$aDiritto canonico amministrativo.$0(OLS)http://pul/subject/1786 830 0$aCanon law studies (Catholic University of America) ;$v535.$0(OLS)http://pul/title/10927 850 $aPUL 852 $aPUL$W1$xDP1 Tesi Univ. Washington$y50$mTH WAS 535$j89417$nBK-PRI$b $qTesi$B89417$CPULBib$Z2$F89417 $H67734 $81 941 1 $a16 960 $aDiritto amministrativo canonico$91786 996 $6245$aEpiscopal power of gouvernance in the diocesan churc :$bfrom the 1917 code of canon law to the present$9(OLS)http://pul/title/91339 996 $6260$aWashington, D.C. :$b[s.n.]$9(OLS)http://pul/publisher/59254